Matemáticas 2 : (Registro nro. 9607)

Detalles MARC
000 -LIDER
fixed length control field 01706nam a2200349 a 4500
001 - NÚMERO DE CONTROL
Identificador de número de control 000020380
003 - IDENTIFICACDOR DE NÚMERO DE CONTROL
control field DO-SdBNP
005 - DATE AND TIME OF LATEST TRANSACTION
control field 20180309131222.0
007 - CAMPOS FIJOS DE DESCRIPCIÓN FÍSICA
fixed length control field 000020380
008 - ELEMENTOS DE LONGITUD FIJA
fixed length control field 150130s2014 dr ac 000 0 spa d
020 ## - ISBN
International Standard Book Number 9789945118360 (v.1)
020 ## - ISBN
International Standard Book Number 9789945118131(v.2)
040 ## - FUENTE DE CATALOGACIÓN
Agencia que crea de manera original el registro BPMSU
Idioma de catalogación spa
Agencia que realiza la transcripción BPMSU
092 ## - LOCALLY ASSIGNED DEWEY DECIMAL CALL NUMBER
Número de clasificación 373.7
Número de ítem (Cutter) M722m 2do. 2013
100 1# - ASIENTO PRINCIPAL -- NOMBRE PERSONAL
Nombre personal Santos, Altagracia.
245 10 - MENCIÓN DE TITULO
Título Matemáticas 2 :
Subtítulo educación media /
Mención de responsabilidad Altagracia Santos; editor Andrés Molina Moloon
260 ## - PUBLICACIÓN, DISTRIBUCIÓN, ETC. (PIE DE IMPRENTA)
Lugar de publicación, distribución, etc Santo Domingo :
Nombre del editor, distribuidor, etc. Santillana,
Fecha de publicación, distribución, etc 2013-2014.
300 ## - DESCRIPCIÓN FÍSICA
Extensión 2v. :
Otros detalles físicos il., retrs. ;
Dimensiones 28 cm. +
Material complementario CD Rom :
490 1# - MENCIÓN DE SERIES
Mención de serie Innova
505 1# - NOTA DE CONTENIDO
Información miscelánea 2do. grado / 1er. ciclo --
-- primera parte --
Título El razonamiento matemático --
-- Estructuras algebraicas --
-- Factorización de polinomios --
-- Funciones --
-- Aprender a emprender --
-- Ecuaciones --
-- Inecuaciones --
-- Triángulos y cuadriláteros --
-- Polígonos --
-- Aprender a emprender --
Información miscelánea Segunda parte --
Título Introducción a la trigonemetría --
-- Relaciones trigonométricas inversas --
-- Resolución de triángulos --
-- Aprender a emprender --
-- Vectores --
-- Transformaciones geométricas --
-- Sucesiones --
-- Estadística y probabilidades --
-- Aprender a emprender --
650 ## - ENCABEZAMIENTO DE MATERIA--TEMÁTICO
Término temático o nombre geográfico como elemento de entrada MATEMÁTICAS
Subdivisión temática general ENSEÑANZA SECUNDARIA
650 ## - ENCABEZAMIENTO DE MATERIA--TEMÁTICO
Término temático o nombre geográfico como elemento de entrada EDUCACIÓN SECUNDARIA
Subdivisión temática general REPÚBLICA DOMINICANA
650 ## - ENCABEZAMIENTO DE MATERIA--TEMÁTICO
Término temático o nombre geográfico como elemento de entrada MATEMÁTICAS
Subdivisión temática general LIBROS DE TEXTOS
650 ## - ENCABEZAMIENTO DE MATERIA--TEMÁTICO
Término temático o nombre geográfico como elemento de entrada MATEMÁTICAS
Subdivisión temática general ESTUDIOS Y EJERCICIOS
700 12 - ASIENTO SECUNDARIO -- NOMBRE PERSONAL
Nombre personal Molina Moloon, Andrés
Mención de responsabilidad ed.
830 #0 - ASIENTO SECUNDARIO DE SERIE--TÍTULO UNIFORME
Título uniforme Innova
910 ## - VALIDACIÓN
Validación Validado. Control de calidad MFF
942 ## - ADDED ENTRY ELEMENTS (KOHA)
Source of classification or shelving scheme Dewey Decimal Classification
Koha item type Libros
945 ## - INFORMACIÓN DE PROCESAMIENTO LOCAL
Información de procesamiento local Remanejado para la BNPHU / 2018 BT
956 ## - LOCAL ELECTRONIC LOCATION AND ACCESS (OCLC)
Nombre de host YLOCKWARD
Número de acceso 10
Información de compresión 20150702
Inicio de sesión BND01
Procesador de solicitud 1304
956 ## - LOCAL ELECTRONIC LOCATION AND ACCESS (OCLC)
Nombre de host VMATEO
Número de acceso 10
Información de compresión 20150706
Inicio de sesión BPMSU
Procesador de solicitud 00151
Existencias
Withdrawn status Lost status Source of classification or shelving scheme Damaged status Not for loan Home library Current library Date acquired Source of acquisition Total Checkouts Full call number Barcode Date last seen Price effective from Koha item type Collection code Copy number
    Dewey Decimal Classification     Biblioteca Pública Metropolitana Salomé Ureña Biblioteca Pública Metropolitana Salomé Ureña 04/07/2016 Donación   373.7 M623m 2do. v.1, pt.1, 2014 BPMSU16040193 04/07/2016 04/07/2016 Libros    
    Dewey Decimal Classification     Biblioteca Pública Metropolitana Salomé Ureña Biblioteca Pública Metropolitana Salomé Ureña 04/07/2016 Donación   373.7 M623m 2do. v.1, pt.1, 2004 BPMSU16040192 04/07/2016 04/07/2016 Libros   ej. 2
    Dewey Decimal Classification     Biblioteca Pública Metropolitana Salomé Ureña Biblioteca Pública Metropolitana Salomé Ureña 04/18/2016 Donación   373.7 M623m 2do. v.2, pt.1, 2013 Guía BPMSU16040524 04/18/2016 04/18/2016 Libros    
    Dewey Decimal Classification     Biblioteca Pública Metropolitana Salomé Ureña Biblioteca Pública Metropolitana Salomé Ureña 04/18/2016 Donación   373.7 M623m 2do. v.2, pt.1, 2013 Guía BPMSU16040525 04/18/2016 04/18/2016 Libros   ej. 2